[Event "LJEM M-V 2023 u18"]
[Site "Mirow"]
[Date "2023.02.07"]
[Round "5.6"]
[White "Ahmed Ibrahim, Labed"]
[Black "Subocz, Gabriel"]
[Result "1-0"]
[WhiteElo "1545"]
[BlackElo "1240"]
[Time "08:30:00"]
[WhiteTeam "SV Motor Wolgast 1949"]
[BlackTeam "SAV Torgelow-Drögeheide 90"]

1.c4 c5 2.Nc3 Nf6 3.g3 e6 4.e4 d6 5.Bg2 Nbd7 6.Nge2 a6 7.O-O Rb8 8.a4 b6 
9.d3 Bb7 10.Be3 Be7 11.Qd2 Qc7 12.f4 O-O 13.h3 Rfd8 14.g4 Nf8 15.f5 exf5 
16.Rxf5 Ng6 17.Raf1 Rf8 18.Bg5 Qd8 19.Ng3 Nd7 20.Bh6 Nh4 21.R5f2 gxh6 22.
Qxh6 Bg5 23.Qh5 Ne5 24.Nf5 Nxf5 25.exf5 Be3 26.f6 Qxf6 27.Bxb7 Rxb7 28.Kg2
Bxf2 29.Rxf2 Qg6 30.Qh4 Qxd3 31.Nd5 Qe4+ 32.Kg3 Qg6 33.Nf6+ Kh8 34.Rf5 Nd7
35.Nxh7 Qxh7 36.Rh5 Qxh5 37.Qxh5+ Kg7 38.Qg5+ Kh7 39.h4 Ne5 40.b3 Rg8 41.
Qf5+ Kg7 42.g5 Rd8 43.Qf6+ Kh7 44.Qxd8 Rd7 45.Qxb6 Nd3 46.Qc6 Ne5 47.Qxa6 
d5 48.cxd5 Rxd5 49.h5 Rd1 50.Qe2 Rd3+ 51.Kf4 Rxb3 52.Kxe5 Ra3 53.Kd5 Kg8 
54.h6 Rxa4 1-0

[Event "LJEM M-V 2023 u18"]
[Site "Mirow"]
[Date "2023.02.07"]
[Round "5.7"]
[White "Hampe, Tobias"]
[Black "Quade, Luca"]
[Result "1-0"]
[WhiteElo "1194"]
[BlackElo "1468"]
[Time "08:30:00"]
[WhiteTeam "Lok Gymnas Pritzwalk"]
[BlackTeam "TuS Makkabi Rostock"]

1.e4 c5 2.Nf3 Nc6 3.d4 cxd4 4.Nxd4 g6 5.Bc4 Bg7 6.c3 Nf6 7.f3 O-O 8.Bg5 d6
9.O-O Qb6 10.Kh1 Qxb2 11.Nb3 Na5 12.Bc1 Qxa1 13.Bxf7+ Rxf7 14.Nxa1 Be6 15.
Nb3 Nc4 16.Qe2 Ne5 17.N1d2 Rc8 18.f4 Bc4 19.Nxc4 Nxc4 20.Nd4 e5 21.Ne6 Bh6
22.f5 Bxc1 23.Rxc1 gxf5 24.exf5 Nb6 25.g4 Rc4 26.Qd2 Rxg4 27.Qxd6 Nbd7 28.
Rg1 Rfg7 29.Nxg7 Ne4 30.Qe6+ 1-0

[Event "LJEM M-V 2023 u18"]
[Site "Mirow"]
[Date "2023.02.07"]
[Round "5.8"]
[White "Avetyan, Manan"]
[Black "Steinhauser, Oskar"]
[Result "1-0"]
[WhiteElo "1342"]
[BlackElo "982"]
[Time "08:30:00"]
[WhiteTeam "ASV Grün-Weiß Wismar"]
[BlackTeam "SSC Rostock 07"]

1.Nf3 d6 2.g3 Nf6 3.Bg2 c6 4.d3 d5 5.Nbd2 Bf5 6.O-O e6 7.a3 Bd6 8.Re1 Bc7 
9.e4 Bg4 10.h3 Bxf3 11.Qxf3 O-O 12.Nf1 h6 13.e5 Nfd7 14.d4 Bb6 15.c3 Qe7 
16.Qg4 Kh8 17.Nh2 c5 18.Be3 Nc6 19.Rad1 c4 20.f4 g6 21.Qe2 Kg7 22.Qd2 f5 
23.g4 Bc7 24.Rf1 b5 25.Rf3 Rf7 26.Rg3 a5 27.Nf3 Rh8 28.Kf2 Bd8 29.Rh1 a4 
30.h4 Nf8 31.h5 g5 32.fxg5 hxg5 33.Bxg5 Qd7 34.Bxd8 Qxd8 35.gxf5+ Kh7 36.
Ng5+ Kg8 37.Nxe6+ Kh7 38.Nxd8 Rxf5+ 39.Rf3 Rxf3+ 40.Bxf3 Nxd8 41.Bxd5 Nfe6
42.Ke1 Rf8 43.Qc2+ Kh6 44.Qg6# 1-0

[Event "LJEM M-V 2023 u18"]
[Site "Mirow"]
[Date "2023.02.07"]
[Round "5.9"]
[White "Köpnick, Amanda"]
[Black "Ryll, Emily Maria"]
[Result "1-0"]
[WhiteElo "1306"]
[BlackElo "1049"]
[Time "08:30:00"]
[WhiteTeam "TuS Makkabi Rostock"]
[BlackTeam "SG Eintracht Neubrandenburg"]

1.e4 c6 2.Nf3 d5 3.exd5 cxd5 4.Bb5+ Nc6 5.d4 Nf6 6.Bxc6+ bxc6 7.Ne5 Bb7 8.
O-O e6 9.Bg5 Bd6 10.c3 O-O 11.Qf3 c5 12.Ng4 Be7 13.Nxf6+ Bxf6 14.Bxf6 Qxf6
15.Qxf6 gxf6 16.Nd2 cxd4 17.cxd4 Rac8 18.Rac1 e5 19.Nb3 Rfe8 20.f3 e4 21.
Nc5 Bc6 22.fxe4 dxe4 23.Rxf6 Kg7 24.Rf2 e3 25.Re2 Bb5 26.Ree1 e2 27.b3 
Rcd8 28.a4 Bc6 29.Rc2 Rxd4 30.Rexe2 Rxe2 31.Rxe2 f5 32.Ne6+ Kf6 33.Nxd4 
Bd5 34.Kf2 a5 35.Kg3 h5 36.h4 Kg6 37.Kf4 Kf6 38.g3 1-0

[Event "LJEM M-V 2023 u18"]
[Site "Mirow"]
[Date "2023.02.07"]
[Round "6.1"]
[White "Scharf, Christian"]
[Black "Großmann, Piet"]
[Result "0-1"]
[WhiteElo "1336"]
[BlackElo "1992"]
[Time "14:30:00"]
[WhiteTeam "SG Güstrow/Teterow"]
[BlackTeam "SAV Torgelow-Drögeheide 90"]

1.e4 e6 2.d4 d5 3.Nc3 Nf6 4.e5 Nfd7 5.f4 c5 6.Nf3 Nc6 7.Be3 cxd4 8.Nxd4 
Bc5 9.Qd2 O-O 10.O-O-O a6 11.Qf2 Bxd4 12.Bxd4 b5 13.Be3 Qa5 14.Kb1 b4 15.
Ne2 Qc7 16.Nd4 Nxd4 17.Bxd4 a5 18.Bd3 Ba6 19.g4 Rfc8 20.h4 a4 21.Bxa6 Rxa6
22.Rh3 a3 23.b3 Rc6 24.Rd2 Nc5 25.Bxc5 Rxc5 26.Rhd3 Rc3 27.h5 h6 28.Kc1 
Qc6 29.Rd4 Rh3 30.R4d3 Rxd3 31.Rxd3 d4 32.Qxd4 Qxc2# 0-1

[Event "LJEM M-V 2023 u18"]
[Site "Mirow"]
[Date "2023.02.07"]
[Round "6.2"]
[White "Tovmasyan, Minas"]
[Black "Wellßow, Keoki"]
[Result "1/2-1/2"]
[WhiteElo "1788"]
[BlackElo "1541"]
[Time "14:30:00"]
[WhiteTeam "TuS Makkabi Rostock"]
[BlackTeam "HSG Stralsund"]

1.d4 d6 2.c4 Nf6 3.Nc3 g6 4.e4 Bg7 5.f3 O-O 6.Be3 Nbd7 7.Qd2 e5 8.d5 Nh5 
9.Bd3 f5 10.Nge2 f4 11.Bf2 a5 12.Na4 b6 13.a3 Nc5 14.Nxc5 bxc5 15.O-O a4 
16.Rfb1 g5 17.h3 Nf6 18.Kf1 h5 19.Ng1 g4 20.Ke2 Kf7 21.b4 axb3 22.Rxb3 Ba6
23.Rc3 Rg8 24.Kd1 Bc8 25.Rb3 gxh3 26.Nxh3 Nh7 27.Ng1 h4 28.Qb2 Ba6 29.Bf1 
Rh8 30.Nh3 Bf6 31.a4 Ng5 32.a5 Qd7 33.Ke1 Nxh3 34.gxh3 Rhg8 35.Raa3 Qd8 
36.Qb1 Ke7 37.Kd2 Rb8 38.Rxb8 Qxb8 39.Rb3 Qc8 40.Qa2 Qd7 41.Rb2 Kf7 42.Qb1
Qa4 43.Ra2 Qd7 44.Qb3 Ke7 45.Kc2 Ra8 46.Kd3 Qc8 47.Rb2 Qd7 48.Be1 Rg8 49.
Rg2 Rxg2 50.Bxg2 Qe8 51.Bf1 Kf7 52.Kc2 Ke7 53.Kb2 Kd7 54.Ka3 Kc8 55.Qc2 
Qg8 56.Bf2 Qe8 57.Qd1 Kb7 58.Qc2 Ka8 59.Be1 Qd7 60.Qg2 Qe7 61.Qg6 Qd8 62.
Qf7 Qe7 63.Qg8+ Qd8 64.Qh7 Qe7 65.Qf5 Qd8 66.Qg6 Qe7 67.Bd3 Qd8 68.Bf2 Ka7
69.Qf7 Qe7 70.Qg8 Qd8 71.Qf7 Qe7 72.Qg8 1/2-1/2

[Event "LJEM M-V 2023 u18"]
[Site "Mirow"]
[Date "2023.02.07"]
[Round "6.3"]
[White "Fromm, Robert"]
[Black "Khanbekyan, Areg"]
[Result "1-0"]
[WhiteElo "1348"]
[BlackElo "1579"]
[Time "14:30:00"]
[WhiteTeam "ASV Grün-Weiß Wismar"]
[BlackTeam "Greifswalder SV"]

1.f4 d5 2.d4 e6 3.Nf3 Nf6 4.e3 c5 5.c3 Nc6 6.Bd3 Be7 7.O-O O-O 8.Ne5 a6 9.
Nd2 b5 10.Nxc6 Qc7 11.Nxe7+ Qxe7 12.Nf3 Bb7 13.a3 Rac8 14.Bd2 Ne4 15.Ne5 
f6 16.Ng4 h5 17.Nf2 g5 1-0

[Event "LJEM M-V 2023 u18"]
[Site "Mirow"]
[Date "2023.02.07"]
[Round "6.5"]
[White "Tennigkeit, Paul"]
[Black "Avetyan, Manan"]
[Result "0-1"]
[WhiteElo "1657"]
[BlackElo "1342"]
[Time "14:30:00"]
[WhiteTeam "Lok Gymnas Pritzwalk"]
[BlackTeam "ASV Grün-Weiß Wismar"]

1.e4 e5 2.Nf3 Nc6 3.Bc4 Bc5 4.d3 Nf6 5.Nc3 O-O 6.O-O d6 7.Bg5 h6 8.Be3 Bb6
9.Qd2 Bg4 10.h3 Bxf3 11.gxf3 Nh7 12.Kh2 Qf6 13.f4 exf4 14.Nd5 Qh4 15.Bxb6 
Ng5 16.f3 Qxh3+ 17.Kg1 cxb6 18.Qg2 Qxg2+ 19.Kxg2 Ne6 20.a3 Rac8 21.b4 Rfe8
22.c3 Ne5 23.Bb5 Nc6 24.d4 Nc7 25.Ba4 Re6 26.Nxc7 Rxc7 27.d5 Rg6+ 28.Kf2 
Ne5 29.Bb5 Rxc3 30.Rfc1 Rxf3+ 31.Ke2 Rg2+ 32.Kd1 Rg1+ 33.Kc2 Rxc1+ 34.Rxc1
Re3 35.Kd2 Rxe4 36.Rc8+ Kh7 37.Rb8 Rd4+ 38.Ke2 Rxd5 39.Ba4 f3+ 40.Ke3 Rd3+
41.Kf2 Rxa3 42.Bc2+ g6 43.Rxb7 Kg7 0-1

[Event "LJEM M-V 2023 u18"]
[Site "Mirow"]
[Date "2023.02.07"]
[Round "6.6"]
[White "Kruse, Johannes"]
[Black "Röste, Hugo"]
[Result "0-1"]
[WhiteElo "1569"]
[BlackElo "1613"]
[Time "14:30:00"]
[WhiteTeam "ESV Waren"]
[BlackTeam "TuS Makkabi Rostock"]

1.e4 c5 2.Nf3 e6 3.d4 cxd4 4.Nxd4 a6 5.Nc3 Qc7 6.a3 Nf6 7.Be2 b5 8.O-O Bb7
9.f3 Be7 10.Be3 O-O 11.Qd2 d5 12.exd5 Nxd5 13.Nxd5 Bxd5 14.Bd3 Nd7 15.b3 
Bd6 16.g3 Ne5 17.Be2 Rfc8 18.f4 Nd7 19.b4 Nb6 20.Rac1 Nc4 21.Bxc4 Qxc4 22.
c3 Be7 23.Qe2 Bf6 24.Kf2 Bxd4 25.cxd4 Qxe2+ 26.Kxe2 Bc4+ 27.Kd2 Bxf1 28.
Rxf1 Rc4 29.Rc1 Rac8 30.Rxc4 Rxc4 31.Bf2 Kf8 0-1

[Event "LJEM M-V 2023 u18"]
[Site "Mirow"]
[Date "2023.02.07"]
[Round "6.7"]
[White "Köpnick, Amanda"]
[Black "Hampe, Tobias"]
[Result "0-1"]
[WhiteElo "1306"]
[BlackElo "1194"]
[Time "14:30:00"]
[WhiteTeam "TuS Makkabi Rostock"]
[BlackTeam "Lok Gymnas Pritzwalk"]

1.e4 d5 2.exd5 Qxd5 3.Nc3 Qa5 4.Nf3 c6 5.Be2 Nf6 6.O-O Bf5 7.d3 e6 8.Bd2 
Qc7 9.Bg5 Nbd7 10.Bh4 h6 11.Bg3 Bd6 12.Nh4 Bh7 13.Nf3 O-O 14.Nd2 Bxg3 15.
fxg3 Qb6+ 16.Rf2 Qxb2 17.Nce4 Qa3 18.Nxf6+ Nxf6 19.Nc4 Qe7 20.Qd2 Nd5 21.
Raf1 Qb4 22.Qc1 b5 23.Ne5 f6 24.Nf3 Nc3 25.Qe3 Nxe2+ 26.Rxe2 e5 27.h4 c5 
28.Rc1 Rfd8 29.Nd2 Qd4 30.Qxd4 cxd4 31.Nb3 Rac8 32.Kf2 Rc7 33.Ke1 Rdc8 34.
Kd1 Bf5 35.Rf2 Be6 36.Rd2 Kh7 37.Ke1 Kg6 38.Ke2 Kh5 39.Kf3 Bd5+ 40.Kf2 Kg4
41.Re2 g5 42.hxg5 hxg5 43.Na1 Bxa2 44.Re4+ Kf5 45.g4+ Ke6 46.Re2 Bd5 47.
Rb1 a6 48.Rb4 Kd6 49.Ke1 Rc3 50.Rf2 Ke6 51.Re2 Kf7 52.Kd1 Rh8 53.Nb3 Rh4 
54.Nd2 Rh1+ 0-1

[Event "LJEM M-V 2023 u18"]
[Site "Mirow"]
[Date "2023.02.07"]
[Round "6.8"]
[White "Subocz, Gabriel"]
[Black "Ryll, Emily Maria"]
[Result "1-0"]
[WhiteElo "1240"]
[BlackElo "1049"]
[Time "14:30:00"]
[WhiteTeam "SAV Torgelow-Drögeheide 90"]
[BlackTeam "SG Eintracht Neubrandenburg"]

1.e4 c6 2.d4 d5 3.Nc3 dxe4 4.Nxe4 Nd7 5.Nf3 Ngf6 6.Nxf6+ Nxf6 7.Be2 Bf5 8.
O-O e6 9.c3 Be7 10.Re1 O-O 11.Bd3 Bxd3 12.Qxd3 Re8 13.Qc2 Bd6 14.Bg5 h6 
15.Bh4 c5 16.Rad1 cxd4 17.Rxd4 Qc7 18.Bxf6 gxf6 19.Qd2 Kh7 20.Rxd6 Rad8 
21.Rd1 Rxd6 22.Qxd6 Qxd6 23.Rxd6 Re7 24.Kf1 Kg8 25.Ke2 Kf8 26.Rd8+ Re8 27.
Rxe8+ Kxe8 28.Kd3 Kd7 29.Nd2 f5 30.Nf3 Kd6 31.g3 h5 32.Nd4 a6 33.b4 b5 34.
c4 bxc4+ 35.Kxc4 Kc7 36.Kc5 1-0

[Event "LJEM M-V 2023 u18"]
[Site "Mirow"]
[Date "2023.02.07"]
[Round "6.9"]
[White "Steinhauser, Oskar"]
[Black "Quade, Luca"]
[Result "1/2-1/2"]
[WhiteElo "982"]
[BlackElo "1468"]
[Time "14:30:00"]
[WhiteTeam "SSC Rostock 07"]
[BlackTeam "TuS Makkabi Rostock"]

1.e4 c5 2.Nf3 Nc6 3.c3 g6 4.d4 cxd4 5.cxd4 Bg7 6.Nc3 d6 7.Be3 Bd7 8.Bc4 
Nf6 9.b4 O-O 10.a3 Qc8 11.Rc1 a6 12.Nd5 Qd8 13.Nxf6+ Bxf6 14.O-O Bg7 15.d5
Ne5 16.Nxe5 Bxe5 17.Bd4 Bxd4 18.Qxd4 b5 19.Bb3 Rb8 20.Rc3 Qb6 21.Qxb6 Rxb6
22.Rc7 Rd8 23.Rfc1 Rbb8 24.Kf1 Rbc8 25.Ke2 Kf8 26.Rxd7 Rxc1 27.Rxd8+ Kg7 
28.Kd2 Rh1 29.Bd1 Rxh2 30.Bf3 h5 31.Ke3 g5 32.g4 h4 33.Ra8 h3 34.Rxa6 Rg2 
35.a4 bxa4 36.Rxa4 Rg1 37.Kd3 Rf1 38.Ra2 Rb1 39.Kc4 Rc1+ 40.Kb3 Kf8 41.Rb2
Ke8 42.b5 Kd7 43.b6 Kc8 44.Kb4 Kb7 45.Kb5 Rc3 46.Bh1 Rc1 47.Bf3 1/2-1/2

[Event "LJEM M-V 2023 u18"]
[Site "Mirow"]
[Date "2023.02.08"]
[Round "7.1"]
[White "Großmann, Piet"]
[Black "Wellßow, Keoki"]
[Result "1/2-1/2"]
[WhiteElo "1992"]
[BlackElo "1541"]
[Time "08:30:00"]
[WhiteTeam "SAV Torgelow-Drögeheide 90"]
[BlackTeam "HSG Stralsund"]

1.e4 d6 2.d4 Nf6 3.Nc3 g6 4.Nf3 Bg7 5.h3 O-O 6.Be3 Nbd7 7.Bc4 c6 8.a4 a6 
9.a5 b5 10.axb6 Qxb6 11.Ra3 c5 12.O-O Qc7 13.e5 dxe5 14.dxe5 Nxe5 15.Nxe5 
Qxe5 16.Qf3 Bf5 17.Rxa6 Rxa6 18.Bxa6 Bxc2 19.Rc1 Bb3 20.Bb7 e6 21.Bf4 Qd4 
22.Be3 Qe5 1/2-1/2

[Event "LJEM M-V 2023 u18"]
[Site "Mirow"]
[Date "2023.02.08"]
[Round "7.2"]
[White "Ahmed Ibrahim, Labed"]
[Black "Tovmasyan, Minas"]
[Result "0-1"]
[WhiteElo "1545"]
[BlackElo "1788"]
[Time "08:30:00"]
[WhiteTeam "SV Motor Wolgast 1949"]
[BlackTeam "TuS Makkabi Rostock"]

1.c4 e5 2.Nc3 Nf6 3.g3 d5 4.cxd5 Nxd5 5.Bg2 Nb6 6.e4 Be7 7.Nf3 Nc6 8.O-O 
O-O 9.a3 Be6 10.d3 f6 11.Be3 Qd7 12.Qc2 Rfd8 13.Rfd1 Bf8 14.h4 Qf7 15.Qe2 
Rd7 16.Rd2 Na5 17.Rb1 Nb3 18.Rdd1 Rad8 19.Ne1 Bc5 20.Nc2 Nd4 21.Bxd4 Bxd4 
22.Ne3 c6 23.Kh2 Bb3 24.Rd2 Bxe3 25.Qxe3 Nc4 26.dxc4 Rxd2 27.Nd5 Ba2 28.
Qxd2 Bxb1 29.b3 cxd5 30.exd5 Bf5 31.Qb4 Qd7 32.d6 b6 33.c5 bxc5 34.Qxc5 
Be6 35.b4 a6 36.Bc6 Qxd6 37.Qb6 Qd4 38.Qc7 Qxf2+ 39.Bg2 Rd2 40.Qb8+ Kf7 
41.Qb7+ Kg6 42.h5+ Kh6 43.a4 Bd5 0-1

[Event "LJEM M-V 2023 u18"]
[Site "Mirow"]
[Date "2023.02.08"]
[Round "7.3"]
[White "Hampe, Tobias"]
[Black "Scharf, Christian"]
[Result "0-1"]
[WhiteElo "1194"]
[BlackElo "1336"]
[Time "08:30:00"]
[WhiteTeam "Lok Gymnas Pritzwalk"]
[BlackTeam "SG Güstrow/Teterow"]

1.e4 c5 2.Nf3 d6 3.Nc3 Nf6 4.Bc4 e6 5.d3 Be7 6.O-O O-O 7.a3 Nc6 8.Re1 a6 
9.Bg5 h6 10.Bh4 b5 11.Ba2 Qc7 12.Qd2 Bb7 13.Bg3 Rac8 14.e5 dxe5 15.Nxe5 
Bd6 16.Nxc6 Qxc6 17.Ne4 Nxe4 18.Rxe4 Bxg3 19.hxg3 f5 20.Bxe6+ Kh8 0-1

[Event "LJEM M-V 2023 u18"]
[Site "Mirow"]
[Date "2023.02.08"]
[Round "7.4"]
[White "Avetyan, Manan"]
[Black "Fromm, Robert"]
[Result "1/2-1/2"]
[WhiteElo "1342"]
[BlackElo "1348"]
[Time "08:30:00"]
[WhiteTeam "ASV Grün-Weiß Wismar"]
[BlackTeam "ASV Grün-Weiß Wismar"]

1.e4 c6 2.d4 d5 3.Nd2 dxe4 4.Nxe4 Bf5 5.Ng3 Bg6 6.c3 Nf6 7.Bd3 Bxd3 8.Qxd3
e6 9.N1e2 Bd6 10.O-O O-O 11.h3 Qc7 12.Bd2 Nbd7 13.Rad1 Nd5 14.c4 Nf4 15.
Bxf4 Bxf4 16.Nxf4 Qxf4 17.Rfe1 Nf6 18.Re3 Rfd8 19.Ne2 Qc7 1/2-1/2

[Event "LJEM M-V 2023 u18"]
[Site "Mirow"]
[Date "2023.02.08"]
[Round "7.5"]
[White "Röste, Hugo"]
[Black "Subocz, Gabriel"]
[Result "1-0"]
[WhiteElo "1613"]
[BlackElo "1240"]
[Time "08:30:00"]
[WhiteTeam "TuS Makkabi Rostock"]
[BlackTeam "SAV Torgelow-Drögeheide 90"]

1.d4 Nf6 2.c4 e5 3.dxe5 Ng4 4.Nf3 Bc5 5.e3 Nc6 6.Nc3 O-O 7.a3 a5 8.b3 
Ngxe5 9.Be2 Re8 10.Bb2 d6 11.Nb5 Bf5 12.O-O Nxf3+ 13.Bxf3 Rb8 14.Qd2 Ne5 
15.Bxe5 Rxe5 16.Qxa5 Bb6 17.Qd2 Qd7 18.Nc3 c6 19.Rfd1 Rd8 20.Ne2 Qe7 21.
Nd4 Bg6 22.b4 c5 23.Nb5 cxb4 24.axb4 Rxe3 25.Re1 Rxe1+ 26.Rxe1 Qf8 27.Bxb7
h6 28.Bf3 Rd7 29.Rd1 Bc7 30.c5 d5 31.Nxc7 Rxc7 32.Qxd5 Re7 33.Qd2 Qe8 34.
c6 Be4 35.Bxe4 Rxe4 36.b5 Re6 37.h3 1-0

[Event "LJEM M-V 2023 u18"]
[Site "Mirow"]
[Date "2023.02.08"]
[Round "7.6"]
[White "Khanbekyan, Areg"]
[Black "Tennigkeit, Paul"]
[Result "1-0"]
[WhiteElo "1579"]
[BlackElo "1657"]
[Time "08:30:00"]
[WhiteTeam "Greifswalder SV"]
[BlackTeam "Lok Gymnas Pritzwalk"]

1.e4 e5 2.Nf3 Nc6 3.d4 exd4 4.Bc4 Nf6 5.e5 d5 6.Bb5 Ne4 7.Nxd4 Bd7 8.Bxc6 
Bxc6 9.O-O Be7 10.f3 Nc5 11.f4 Qd7 12.Be3 O-O-O 13.Nc3 f6 14.b4 Ne4 15.b5 
Nxc3 16.bxc6 bxc6 17.Qd3 Nb5 18.a4 Nxd4 19.Qa6+ Kb8 20.Rab1+ Nb5 21.Qxa7+ 
Kc8 22.Qa8# 1-0

[Event "LJEM M-V 2023 u18"]
[Site "Mirow"]
[Date "2023.02.08"]
[Round "7.8"]
[White "Ryll, Emily Maria"]
[Black "Kruse, Johannes"]
[Result "0-1"]
[WhiteElo "1049"]
[BlackElo "1569"]
[Time "08:30:00"]
[WhiteTeam "SG Eintracht Neubrandenburg"]
[BlackTeam "ESV Waren"]

1.d4 Nf6 2.g3 d5 3.Bg2 Bf5 4.Nf3 e6 5.O-O Be7 6.b3 O-O 7.Bb2 Nbd7 8.Nbd2 
Ne4 9.c4 c6 10.cxd5 exd5 11.Rc1 f6 12.Nh4 Nxd2 13.Qxd2 Be6 14.e3 a5 15.a4 
Re8 16.Rfe1 Bb4 17.Bc3 Bxc3 18.Rxc3 Qe7 19.e4 dxe4 20.Bxe4 Qf7 21.Nf5 Bxf5
22.Bxf5 g6 23.Bg4 f5 24.Bf3 Nf6 25.Rd3 Nd5 26.Bxd5 Qxd5 27.Rde3 Re4 28.
Rxe4 fxe4 29.b4 Rd8 30.Rd1 axb4 31.Qxb4 c5 32.Qb5 cxd4 33.Qxd5+ Rxd5 34.
Kf1 d3 35.Ke1 Rd4 36.a5 Kf7 37.Kd2 Ke6 38.Ke3 Kd5 39.f3 exf3 40.Kxf3 d2 
41.Ke3 Kc5 42.Rxd2 Rxd2 43.Kxd2 Kb5 44.Kc3 Kxa5 45.Kb3 Kb5 46.h4 h5 0-1

[Event "LJEM M-V 2023 u18"]
[Site "Mirow"]
[Date "2023.02.08"]
[Round "7.9"]
[White "Steinhauser, Oskar"]
[Black "Köpnick, Amanda"]
[Result "0-1"]
[WhiteElo "982"]
[BlackElo "1306"]
[Time "08:30:00"]
[WhiteTeam "SSC Rostock 07"]
[BlackTeam "TuS Makkabi Rostock"]

1.e4 e5 2.Nf3 Nc6 3.d4 exd4 4.Bc4 Nf6 5.e5 d5 6.Bb5 Ne4 7.Nxd4 Qd7 8.Bxc6 
bxc6 9.f3 Nc5 10.O-O Be7 11.Be3 O-O 12.Nd2 Na4 13.Rb1 c5 14.N4b3 c4 15.Nd4
c5 16.Ne2 Ba6 17.c3 Nb6 18.Re1 Qe6 19.Ng3 Qd7 20.Bf2 Rad8 21.Qc2 d4 22.
Rbd1 d3 23.Qb1 Na4 24.Qa1 Qc8 25.b3 Nb6 26.f4 g6 27.Re4 Qe6 28.Rde1 Bb7 
29.R4e3 h5 30.Nge4 Nd5 31.Rf3 Nb6 32.Rfe3 Qf5 33.g3 Qh3 34.bxc4 f5 35.Qb1 
fxe4 36.Nxe4 Qe6 37.Rxd3 Qxc4 38.Rxd8 Rxd8 39.Qc2 Qd3 40.Qb3+ c4 41.Nf6+ 
Bxf6 42.Qb4 Qf3 43.Kf1 Qg2+ 44.Ke2 Bf3+ 45.Ke3 Nd5+ 46.Kd2 Nxb4+ 47.Kc1 
Nd3+ 48.Kb1 Nxe1 49.exf6 Qxf2 0-1